00457nam a2200157 a 4500008004100000050001300041100002300054245004400077260003700121300001900158350000900177362001200186490003500198650002600233650004000259081021s1978 ||||||||||||||||| || u aIBRD(08) aGould, William T.S10aGuidelines for school location planning aWashington D.CbWorld Bankc1978 a103p. : illus. a0.001 ano. 308 aWorld Bank Staff working paper aEDUCATIONAL--PLANNING 0aEDUCATIONAL TESTS AND MEASUREMENTS